[Event "Yuzhny FO-ch op"]
[Site "Armavir"]
[Date "2015.02.??"]
[Round "7"]
[White "Mishin, Valery"]
[Black "Didy, Kaplan"]
[Result "1-0"]
[WhiteElo "1721"]
[BlackElo "1980"]
[PlyCount "74"]
[EventDate "2015.02.13"]
[EventType "swiss"]
[EventRounds "9"]
[EventCountry "RUS"]
[SourceTitle "CBM 165 Extra"]
[Source "ChessBase"]
[SourceDate "2015.04.21"]
[SourceVersion "1"]
[SourceVersionDate "2015.04.21"]
[SourceQuality "1"]

1. e4 e5 2. Nf3 Nc6 3. d4 exd4 4. Nxd4 Bc5 5. Be3 Bb6 6. Bc4 d6 7. 0-0 Nf6 8. Nc3 h6 9. Nxc6 bxc6 10. Bxb6 axb6 11. a3 0-0 12. Re1 Ng4 13. h3 Ne5 14. Bb3 Qg5 15. Re3 Be6 16. Ne2 Nc4 17. Rg3 Qe5 18. Bxc4 Bxc4 19. Nc3 Be6 20. Qd2 Kh7 21. Rf1 Qc5 22. Kh1 Bc4 23. Re1 Rae8 24. Qf4 Re6 25. Qd2 Rfe8 26. f4 Qh5 27. Qd4 g5 28. Qxc4 Qh4 29. Rge3 gxf4 30. R3e2 f3 31. Re3 Rg6 32. Rxf3 Reg8 33. Qf1 Kh8 34. Ne2 Qe7 35. Nd4 Qe5 36. c3 Rg3 37. Qf2 R3g6 1-0

[Event "Belorechensk Seniors op"]
[Site "Belorechensk"]
[Date "2013.02.19"]
[Round "7"]
[White "Didy, Kaplan"]
[Black "Petrov, Anatoly"]
[Result "1-0"]
[WhiteElo "1985"]
[BlackElo "1979"]
[PlyCount "68"]
[EventDate "2013.02.13"]
[EventType "swiss"]
[EventRounds "9"]
[EventCountry "RUS"]
[SourceTitle "CBM 153 Extra"]
[Source "ChessBase"]
[SourceDate "2013.04.22"]
[SourceVersion "1"]
[SourceVersionDate "2013.04.22"]
[SourceQuality "1"]

1. Nf3 d5 2. g3 Nf6 3. Bg2 e6 4. d4 c5 5. e3 Nc6 6. 0-0 b5 7. dxc5 Bxc5 8. a4 b4 9. b3 a5 10. Bb2 0-0 11. Re1 Ba6 12. Nbd2 Qb6 13. Ng5 Nd7 14. Qg4 Nce5 15. Qh3 h6 16. Ngf3 Ng6 17. Qh5 Kh7 18. Bh3 f5 19. Ng5+ Kg8 20. Qxg6 Nf6 21. Bxf6 Rxf6 22. Qh7+ Kf8 23. Qh8+ Ke7 24. Qxg7+ Kd6 25. Qxf6 hxg5 26. Nf3 g4 27. Nd4 Kd7 28. Bg2 Be7 29. Qe5 Rf8 30. Rad1 Rf7 31. Nxe6 Qxe6 32. Qxe6+ Kxe6 33. Bxd5+ Kf6 34. Bxf7 Kxf7 1-0

[Event "Belorechensk Seniors op"]
[Site "Belorechensk"]
[Date "2013.02.15"]
[Round "3"]
[White "Didy, Kaplan"]
[Black "Pushkov, Nikolai"]
[Result "0-1"]
[WhiteElo "1985"]
[BlackElo "2352"]
[PlyCount "99"]
[EventDate "2013.02.13"]
[EventType "swiss"]
[EventRounds "9"]
[EventCountry "RUS"]
[SourceTitle "CBM 153 Extra"]
[Source "ChessBase"]
[SourceDate "2013.04.22"]
[SourceVersion "1"]
[SourceVersionDate "2013.04.22"]
[SourceQuality "1"]

1. d4 Nf6 2. c4 e6 3. Nf3 b6 4. g3 Ba6 5. Qc2 Bb7 6. Bg2 c5 7. dxc5 Bxc5 8. 0-0 0-0 9. Nc3 Be7 10. Bf4 a6 11. Rad1 d6 12. Qd3 e5 13. Bxe5 dxe5 14. Qf5 Qc8 15. Qxe5 Nc6 16. Qe3 Bc5 17. Qc1 Qg4 18. Nd5 Rad8 19. a3 Nxd5 20. cxd5 Ne7 21. b4 Bd6 22. h3 Qc8 23. e4 Qxc1 24. Rxc1 Ng6 25. Nd4 Be5 26. Nc6 Bxc6 27. Rxc6 Rb8 28. a4 Ne7 29. Rc2 Rfc8 30. Rfc1 Rxc2 31. Rxc2 Rc8 32. Rxc8+ Nxc8 33. Bf1 a5 34. bxa5 bxa5 35. f4 Bd4+ 36. Kg2 f6 37. Kf3 Kf7 38. Kg4 Ke7 39. h4 Kd6 40. h5 Ne7 41. Bb5 h6 42. Kf3 f5 43. Bc4 fxe4+ 44. Kxe4 Bb2 45. g4 Ng8 46. g5 hxg5 47. fxg5 Bc1 48. Kf5 Ne7+ 49. Kg4 Nxd5 50. Bb3 0-1

[Event "Golubitskaya Rating"]
[Site "Golubitskaya"]
[Date "2008.07.15"]
[Round "?"]
[White "Prikhodko, Sergey"]
[Black "Didy, Kaplan"]
[Result "0-1"]
[WhiteElo "2074"]
[BlackElo "2053"]
[PlyCount "58"]
[EventDate "2008.07.05"]
[EventType "tourn"]
[EventRounds "11"]
[EventCountry "RUS"]
[SourceTitle "EXT 2022"]
[Source "ChessBase"]
[SourceDate "2021.10.06"]
[SourceVersion "1"]
[SourceVersionDate "2021.10.06"]
[SourceQuality "1"]

1. e4 c5 2. b3 d6 3. Nf3 Nf6 4. Bb5+ Nbd7 5. Qe2 e5 6. d3 Be7 7. 0-0 0-0 8. h3 a6 9. Bxd7 Bxd7 10. Nh2 d5 11. c4 dxe4 12. dxe4 Bc6 13. Nc3 b5 14. Nd5 bxc4 15. bxc4 Nxd5 16. exd5 Bd7 17. Bb2 f6 18. Rfd1 Bd6 19. Ng4 Rb8 20. Bc3 Qe8 21. Qc2 Ba4 22. Qf5 Bxd1 23. Rxd1 Kh8 24. f4 Qa4 25. Rd3 exf4 26. Nxf6 Rb1+ 27. Kh2 f3+ 28. g3 Qc2+ 29. Bd2 Rxf6 0-1

[Event "Golubitskaya Rating"]
[Site "Golubitskaya"]
[Date "2008.07.13"]
[Round "?"]
[White "Didy, Kaplan"]
[Black "Sverkunov, Oleg"]
[Result "1-0"]
[WhiteElo "2053"]
[BlackElo "1962"]
[PlyCount "43"]
[EventDate "2008.07.05"]
[EventType "tourn"]
[EventRounds "11"]
[EventCountry "RUS"]
[SourceTitle "EXT 2022"]
[Source "ChessBase"]
[SourceDate "2021.10.06"]
[SourceVersion "1"]
[SourceVersionDate "2021.10.06"]
[SourceQuality "1"]

1. e4 c5 2. Nf3 e6 3. d4 cxd4 4. Nxd4 Nf6 5. Bd3 a6 6. 0-0 Nc6 7. Be3 Be7 8. Nc3 Ne5 9. h3 Qc7 10. Qe2 b5 11. f4 Nxd3 12. cxd3 Bb7 13. Rac1 Qd8 14. a3 0-0 15. g4 d6 16. g5 Nd7 17. Qg4 Nc5 18. Rcd1 Rc8 19. f5 e5 20. Nf3 f6 21. g6 h6 22. Qh5 1-0

[Event "Golubitskaya Rating"]
[Site "Golubitskaya"]
[Date "2008.07.11"]
[Round "?"]
[White "Didy, Kaplan"]
[Black "Bedia, Melor"]
[Result "1/2-1/2"]
[WhiteElo "2053"]
[BlackElo "2321"]
[PlyCount "64"]
[EventDate "2008.07.05"]
[EventType "tourn"]
[EventRounds "11"]
[EventCountry "RUS"]
[SourceTitle "EXT 2022"]
[Source "ChessBase"]
[SourceDate "2021.10.06"]
[SourceVersion "1"]
[SourceVersionDate "2021.10.06"]
[SourceQuality "1"]

1. e4 e5 2. Nc3 Nf6 3. g3 d5 4. exd5 Nxd5 5. Qe2 Nc6 6. Bg2 Nxc3 7. dxc3 Bd6 8. Nf3 0-0 9. Bg5 f6 10. Be3 Be6 11. 0-0 Qe8 12. Rfe1 Qf7 13. b3 Rae8 14. Qb5 Bc8 15. Rad1 a6 16. Qa4 Kh8 17. Bc1 f5 18. b4 e4 19. Ng5 Qg6 20. f4 exf3 21. Nxf3 Rxe1+ 22. Rxe1 f4 23. b5 axb5 24. Qxb5 fxg3 25. hxg3 Rxf3 26. Bf4 Bxf4 27. gxf4 Bh3 28. Qe2 Re3 29. f5 Qg3 30. f6 Bxg2 31. fxg7+ Kg8 32. Qc4+ Bd5+ 1/2-1/2

[Event "Golubitskaya Rating"]
[Site "Golubitskaya"]
[Date "2008.07.05"]
[Round "?"]
[White "Didy, Kaplan"]
[Black "Rimarenko, Alexey"]
[Result "1-0"]
[WhiteElo "2053"]
[BlackElo "2191"]
[PlyCount "89"]
[EventDate "2008.07.05"]
[EventType "tourn"]
[EventRounds "11"]
[EventCountry "RUS"]
[SourceTitle "EXT 2022"]
[Source "ChessBase"]
[SourceDate "2021.10.06"]
[SourceVersion "1"]
[SourceVersionDate "2021.10.06"]
[SourceQuality "1"]

1. e4 e5 2. Nf3 Nc6 3. d4 exd4 4. Bc4 Bb4+ 5. c3 dxc3 6. bxc3 Be7 7. Qd5 Nh6 8. Bxh6 0-0 9. Bxg7 Kxg7 10. h4 d6 11. h5 h6 12. Na3 Be6 13. Qd3 Bxc4 14. Nxc4 Bf6 15. Rb1 Rb8 16. 0-0 Re8 17. Nh2 Be5 18. f4 Bf6 19. Ng4 Qe7 20. Nxf6 Kxf6 21. e5+ Kg7 22. Ne3 Kh8 23. Nd5 Qf8 24. Nf6 Qg7 25. Rf3 Rg8 26. Nxg8 Rxg8 27. Rb2 dxe5 28. f5 f6 29. Kf2 Qg5 30. Rg3 Qxh5 31. Rxg8+ Kxg8 32. Rxb7 Qf7 33. Rb2 Ne7 34. c4 Nc6 35. Qd5 Na5 36. Qxf7+ Kxf7 37. Rb5 Nxc4 38. Rc5 Nd6 39. Rxc7+ Kg8 40. Rxa7 Nxf5 41. a4 Nd4 42. a5 Nb3 43. a6 Nc5 44. Ra8+ Kg7 45. a7 1-0

[Event "Doroshkevich Memorial op"]
[Site "Maikop"]
[Date "2008.05.30"]
[Round "7"]
[White "Chunihin, Sergey"]
[Black "Didy, Kaplan"]
[Result "0-1"]
[WhiteElo "2093"]
[BlackElo "2102"]
[PlyCount "64"]
[EventDate "2008.05.24"]
[EventType "swiss"]
[EventRounds "9"]
[EventCountry "RUS"]
[SourceTitle "CBM 124 Extra"]
[Source "ChessBase"]
[SourceDate "2008.07.03"]
[SourceVersion "1"]
[SourceVersionDate "2008.07.03"]
[SourceQuality "1"]

1. f4 e5 2. fxe5 d6 3. exd6 Bxd6 4. Nf3 g5 5. g3 h5 6. d4 g4 7. Nh4 Be7 8. Ng2 h4 9. Bf4 h3 10. Ne3 Bg5 11. Bxg5 Qxg5 12. Qd3 Nc6 13. Nc3 Bd7 14. Qe4+ Nge7 15. 0-0-0 0-0-0 16. Qf4 Qxf4 17. gxf4 Ng6 18. d5 Nce7 19. Rd4 f5 20. Ned1 Bc6 21. e3 Nxd5 22. Nxd5 Bxd5 23. Rg1 Nh4 24. Be2 Bf3 25. Rxd8+ Rxd8 26. Bd3 Re8 27. Rg3 Be4 28. Bxe4 Rxe4 29. Nf2 Re8 30. e4 Nf3 31. Nxh3 Rxe4 32. b3 Nxh2 0-1

[Event "Doroshkevich Memorial op"]
[Site "Maikop"]
[Date "2008.05.28"]
[Round "5"]
[White "Inozemtsev, Arsen"]
[Black "Didy, Kaplan"]
[Result "1-0"]
[WhiteElo "2124"]
[BlackElo "2102"]
[PlyCount "77"]
[EventDate "2008.05.24"]
[EventType "swiss"]
[EventRounds "9"]
[EventCountry "RUS"]
[SourceTitle "CBM 124 Extra"]
[Source "ChessBase"]
[SourceDate "2008.07.03"]
[SourceVersion "1"]
[SourceVersionDate "2008.07.03"]
[SourceQuality "1"]

1. e4 e5 2. Nf3 Nc6 3. Bb5 a6 4. Ba4 Nf6 5. 0-0 b5 6. Bb3 Be7 7. Re1 0-0 8. h3 d5 9. exd5 Nxd5 10. Nxe5 Nxe5 11. Rxe5 c6 12. d4 Bd6 13. Re1 Qh4 14. Qd3 Bd7 15. Nc3 Nf4 16. Qf3 Ne6 17. Be3 Bb4 18. a3 Ba5 19. Re2 Nxd4 20. Bxd4 Qxd4 21. Rd1 Qa7 22. Re7 Rad8 23. Qd3 Rfe8 24. Qxd7 Qxd7 25. Rexd7 Rxd7 26. Rxd7 Rf8 27. Ra7 Bxc3 28. bxc3 c5 29. c4 g6 30. Rxa6 bxc4 31. Bxc4 Rd8 32. Ra7 Rd4 33. Bxf7+ Kf8 34. c4 g5 35. Bd5 h5 36. Rc7 Rd1+ 37. Kh2 Rd2 38. a4 Rxf2 39. Rf7+ 1-0

[Event "Slaviansk na Kubani"]
[Site "Slaviansk na Kubani"]
[Date "2008.04.04"]
[Round "?"]
[White "Ermolaev, Ilya"]
[Black "Didy, Kaplan"]
[Result "1/2-1/2"]
[WhiteElo "1895"]
[BlackElo "2102"]
[PlyCount "89"]
[EventDate "2008.04.01"]
[EventType "tourn"]
[EventRounds "11"]
[EventCountry "RUS"]
[SourceTitle "EXT 2023"]
[Source "ChessBase"]
[SourceDate "2022.10.05"]
[SourceVersion "1"]
[SourceVersionDate "2022.10.05"]
[SourceQuality "1"]

1. e4 e5 2. d4 Nc6 3. d5 Nce7 4. Nf3 Ng6 5. Bd3 Bc5 6. 0-0 d6 7. c4 N8e7 8. Be3 Bb6 9. Nc3 Nf4 10. Bxf4 exf4 11. Na4 Ng6 12. h3 0-0 13. Nxb6 axb6 14. Re1 Qf6 15. Qc2 Ne5 16. Nxe5 dxe5 17. Be2 Qg6 18. Kh1 f5 19. Bf3 Qh6 20. Kg1 Bd7 21. exf5 Bxf5 22. Be4 Bd7 23. Bf3 Rae8 24. Qc3 Qg5 25. Be4 Rf6 26. Rad1 Bf5 27. Bxf5 Qxf5 28. f3 Rg6 29. Kh1 Qg5 30. Qc2 e4 31. Rxe4 Rxe4 32. fxe4 f3 33. Qf2 fxg2+ 34. Kh2 Qe5+ 35. Kg1 Qxe4 36. Qe1 Qxe1+ 37. Rxe1 Kf7 38. Re2 Rg3 39. Rxg2 Rxh3 40. b4 h6 41. c5 bxc5 42. bxc5 g5 43. Rb2 b6 44. cxb6 cxb6 45. Rxb6 1/2-1/2

[Event "EU-ch Seniors 07th"]
[Site "Hockenheim"]
[Date "2007.06.10"]
[Round "9"]
[White "Didy, Kaplan"]
[Black "Werner, Clemens"]
[Result "0-1"]
[WhiteElo "2127"]
[BlackElo "2295"]
[PlyCount "94"]
[EventDate "2007.06.02"]
[EventType "swiss"]
[EventRounds "9"]
[EventCountry "GER"]
[SourceTitle "CBM 118 Extra"]
[Source "ChessBase"]
[SourceDate "2007.07.04"]
[SourceVersion "1"]
[SourceVersionDate "2007.07.04"]
[SourceQuality "1"]

1. e4 c5 2. Nf3 e6 3. d4 cxd4 4. Nxd4 Nc6 5. Be2 Nf6 6. Nxc6 bxc6 7. Qd4 d5 8. exd5 cxd5 9. 0-0 Be7 10. c4 0-0 11. Nc3 Ba6 12. cxd5 Bxe2 13. Nxe2 Nxd5 14. Ng3 Qb6 15. Qg4 f5 16. Qe2 Rac8 17. Nh5 Rfe8 18. Nf4 Rxc1 19. Raxc1 Nxf4 20. Qf3 Nd5 21. b3 Bf6 22. Rfe1 Qd6 23. Rcd1 Re7 24. h3 g6 25. Rd2 Kf7 26. Rc2 Bd4 27. Rc4 Bb6 28. Qd1 Bc7 29. g3 Nf6 30. Qc1 Bb6 31. Kg2 Qd5+ 32. f3 Rd7 33. Re2 Kg7 34. Rc6 e5 35. Rcc2 e4 36. fxe4 Nxe4 37. Kh2 Qd3 38. Rg2 Be3 39. Qb2+ Bd4 40. Qc1 Be5 41. Rce2 Bxg3+ 42. Kh1 Qd1+ 43. Qxd1 Rxd1+ 44. Rg1 Rd3 45. Rc2 Bd6 46. h4 Rh3+ 47. Kg2 Rh2+ 0-1

[Event "EU-ch Seniors 07th"]
[Site "Hockenheim"]
[Date "2007.06.07"]
[Round "6"]
[White "Fomina, Tatyana"]
[Black "Didy, Kaplan"]
[Result "1-0"]
[WhiteElo "2231"]
[BlackElo "2127"]
[PlyCount "76"]
[EventDate "2007.06.02"]
[EventType "swiss"]
[EventRounds "9"]
[EventCountry "GER"]
[SourceTitle "CBM 118 Extra"]
[Source "ChessBase"]
[SourceDate "2007.07.04"]
[SourceVersion "1"]
[SourceVersionDate "2007.07.04"]
[SourceQuality "1"]

1. e4 e5 2. Bc4 Nf6 3. Qe2 Bc5 4. Nf3 d6 5. c3 Nc6 6. 0-0 a6 7. Rd1 Qe7 8. d4 Ba7 9. d5 Nb8 10. h3 Nbd7 11. Nbd2 0-0 12. Nf1 h6 13. Ng3 Nb6 14. Bd3 Bd7 15. b3 Rfe8 16. Bc2 Rad8 17. a4 Nc8 18. Qc4 c6 19. dxc6 Bxc6 20. Ba3 Qe6 21. Qxe6 Rxe6 22. c4 Ree8 23. a5 g6 24. b4 Kg7 25. Rab1 b5 26. axb6 Bxb6 27. Rd2 Ba7 28. Rbd1 Bb6 29. c5 Bc7 30. Bb2 dxc5 31. Rxd8 Bxd8 32. Nxe5 Ba8 33. Ng4 Be7 34. bxc5 h5 35. Nxf6 Bxf6 36. Bxf6+ Kxf6 37. Ra1 Re6 38. Bb3 Rc6 1-0

[Event "EU-ch Seniors 07th"]
[Site "Hockenheim"]
[Date "2007.06.04"]
[Round "3"]
[White "Didy, Kaplan"]
[Black "Kornath, Heinrich"]
[Result "1-0"]
[WhiteElo "2127"]
[BlackElo "1838"]
[PlyCount "37"]
[EventDate "2007.06.02"]
[EventType "swiss"]
[EventRounds "9"]
[EventCountry "GER"]
[SourceTitle "CBM 118 Extra"]
[Source "ChessBase"]
[SourceDate "2007.07.04"]
[SourceVersion "1"]
[SourceVersionDate "2007.07.04"]
[SourceQuality "1"]

1. d4 Nf6 2. Nf3 c6 3. c4 b5 4. e3 bxc4 5. Bxc4 Ba6 6. Bxa6 Nxa6 7. 0-0 d5 8. Ne5 Qb6 9. Qa4 Rc8 10. Bd2 Qb5 11. Nc3 Qxa4 12. Nxa4 Ne4 13. Ba5 e6 14. Rfc1 c5 15. f3 Nf6 16. dxc5 Bxc5 17. Rxc5 Rxc5 18. Nxc5 Nxc5 19. Rc1 1-0

[Event "EU-ch Seniors 07th"]
[Site "Hockenheim"]
[Date "2007.06.03"]
[Round "2"]
[White "Schippan, Bernhard"]
[Black "Didy, Kaplan"]
[Result "1-0"]
[WhiteElo "2266"]
[BlackElo "2127"]
[PlyCount "97"]
[EventDate "2007.06.02"]
[EventType "swiss"]
[EventRounds "9"]
[EventCountry "GER"]
[SourceTitle "CBM 118 Extra"]
[Source "ChessBase"]
[SourceDate "2007.07.04"]
[SourceVersion "1"]
[SourceVersionDate "2007.07.04"]
[SourceQuality "1"]

1. e4 e5 2. Nf3 Nf6 3. Nxe5 d6 4. Nf3 Nxe4 5. d3 Nf6 6. d4 d5 7. Bd3 Be7 8. 0-0 Ne4 9. Re1 Bf5 10. c4 c6 11. cxd5 cxd5 12. Qb3 Nc6 13. Nc3 Nb4 14. Bxe4 dxe4 15. Nxe4 0-0 16. a3 Be6 17. Qd1 Nc6 18. Neg5 Bf5 19. d5 Na5 20. Ne4 Nc4 21. b3 Nd6 22. Ng3 Bf6 23. Ra2 Bb1 24. Rae2 Nb5 25. Bb2 Bxb2 26. Rxb2 Bg6 27. Rd2 Qa5 28. a4 Nc3 29. Qa1 f6 30. d6 Rad8 31. Re3 Nd5 32. b4 Nxb4 33. Re7 Qc5 34. Rc7 Qb6 35. a5 Qb5 36. Qd4 Nc6 37. Qe3 Rfe8 38. Qa3 Qxa5 39. Qb3+ Kh8 40. Rxb7 Ne5 41. Rd1 Nxf3+ 42. gxf3 h5 43. Rb5 Qa6 44. d7 Re7 45. Rb8 Qa5 46. Rxd8+ Qxd8 47. Qb7 Rf7 48. h4 Kh7 49. Qxa7 1-0

[Event "RUS-ch Seniors"]
[Site "Zvenigorod"]
[Date "2005.12.04"]
[Round "7"]
[White "Didy, Kaplan"]
[Black "Gumerov, Renant"]
[Result "0-1"]
[WhiteElo "2091"]
[BlackElo "2289"]
[PlyCount "70"]
[EventDate "2005.11.28"]
[EventType "swiss"]
[EventRounds "7"]
[EventCountry "RUS"]
[SourceTitle "EXT 2007"]
[Source "ChessBase"]
[SourceDate "2006.11.23"]
[SourceVersion "1"]
[SourceVersionDate "2006.11.23"]
[SourceQuality "1"]

1. e4 e6 2. d4 d5 3. e5 Qd7 4. Nf3 b6 5. Bd3 Nc6 6. c3 Bb7 7. 0-0 0-0-0 8. b4 f5 9. a4 a5 10. bxa5 Nxa5 11. Nbd2 Bc6 12. Bb2 h6 13. c4 dxc4 14. Nxc4 Nxc4 15. Bxc4 Ne7 16. a5 b5 17. Be2 g5 18. a6 Nd5 19. a7 Kb7 20. Qb3 Nf4 21. Rfe1 Nxe2+ 22. Rxe2 Qd5 23. Qc2 Ra8 24. Ne1 Rxa7 25. Rxa7+ Kxa7 26. f3 Be7 27. h3 Ra8 28. Nd3 Kb8 29. Kh2 Ra4 30. Bc3 Kc8 31. Qd2 Qb3 32. Nc5 Bxc5 33. dxc5 Bd5 34. Qb2 Qc4 35. Rd2 Qxc5 0-1

[Event "RUS-ch Seniors"]
[Site "Zvenigorod"]
[Date "2005.12.04"]
[Round "6"]
[White "Sambursky, Vladimir"]
[Black "Didy, Kaplan"]
[Result "1-0"]
[WhiteElo "2328"]
[BlackElo "2091"]
[PlyCount "101"]
[EventDate "2005.11.28"]
[EventType "swiss"]
[EventRounds "7"]
[EventCountry "RUS"]
[SourceTitle "EXT 2007"]
[Source "ChessBase"]
[SourceDate "2006.11.23"]
[SourceVersion "1"]
[SourceVersionDate "2006.11.23"]
[SourceQuality "1"]

1. e4 c5 2. Nc3 d6 3. g3 g6 4. Bg2 Bg7 5. Nge2 Nf6 6. d3 Nc6 7. 0-0 a6 8. Bd2 Qc7 9. Nf4 Bg4 10. f3 Bd7 11. Ncd5 Nxd5 12. Nxd5 Qd8 13. c3 e6 14. Ne3 0-0 15. f4 Ne7 16. g4 f5 17. exf5 exf5 18. Bxb7 fxg4 19. Bxa8 Qxa8 20. Nxg4 Qc6 21. Ne3 Bc8 22. Qf3 Qb5 23. Nd5 Nf5 24. b3 Bb7 25. Rae1 Kh8 26. h3 Qc6 27. c4 Qd7 28. Kh2 Bc6 29. Qg2 Qf7 30. Bc1 Nh4 31. Qf2 Nf5 32. Bb2 Bxd5 33. Bxg7+ Kxg7 34. cxd5 Qxd5 35. Qb2+ Kg8 36. Qc3 Qc6 37. Re4 Qd7 38. Qe1 Qb5 39. Qc3 Qd7 40. b4 Rc8 41. Rc1 Qd8 42. Qe1 Qd7 43. bxc5 dxc5 44. Qc3 Qc7 45. Qf6 Rf8 46. Qe6+ Rf7 47. Qe5 Qa5 48. Qc3 Qd8 49. Qxc5 Qh4 50. Rg1 Qd8 51. Qc4 1-0

[Event "RUS-ch Seniors"]
[Site "Zvenigorod"]
[Date "2005.12.03"]
[Round "5"]
[White "Didy, Kaplan"]
[Black "Vaganov, Mikhail K"]
[Result "1-0"]
[WhiteElo "2091"]
[BlackElo "2285"]
[PlyCount "65"]
[EventDate "2005.11.28"]
[EventType "swiss"]
[EventRounds "7"]
[EventCountry "RUS"]
[SourceTitle "EXT 2007"]
[Source "ChessBase"]
[SourceDate "2006.11.23"]
[SourceVersion "1"]
[SourceVersionDate "2006.11.23"]
[SourceQuality "1"]

1. e4 e5 2. Nc3 Nf6 3. Nf3 Nc6 4. Bc4 Bc5 5. d3 d6 6. h3 Be6 7. Bg5 Bxc4 8. dxc4 Bb4 9. Qd3 Bxc3+ 10. Qxc3 Nxe4 11. Bxd8 Nxc3 12. Bxc7 Ne4 13. c5 dxc5 14. Bxe5 f6 15. Bf4 Nb4 16. 0-0 Nxc2 17. Rac1 Nb4 18. Rc4 f5 19. Bd2 b5 20. Rcc1 Nd3 21. Rc2 Kf7 22. Be3 Rhc8 23. Rd1 Nb4 24. Rcc1 Rd8 25. a3 Nd3 26. Rxd3 Rxd3 27. Ne5+ Ke6 28. Nxd3 c4 29. Nc5+ Nxc5 30. Bxc5 a5 31. Bd4 g6 32. Re1+ Kd5 33. Bc3 1-0

[Event "RUS-ch Seniors"]
[Site "Zvenigorod"]
[Date "2005.11.30"]
[Round "3"]
[White "Didy, Kaplan"]
[Black "Barkhatov, Lev"]
[Result "1/2-1/2"]
[WhiteElo "2091"]
[BlackElo "2345"]
[PlyCount "82"]
[EventDate "2005.11.28"]
[EventType "swiss"]
[EventRounds "7"]
[EventCountry "RUS"]
[SourceTitle "EXT 2007"]
[Source "ChessBase"]
[SourceDate "2006.11.23"]
[SourceVersion "1"]
[SourceVersionDate "2006.11.23"]
[SourceQuality "1"]

1. e4 c5 2. Nc3 e6 3. g3 d5 4. Bg2 d4 5. Nce2 Nc6 6. d3 e5 7. f4 Bd6 8. Nf3 Nge7 9. f5 b5 10. g4 c4 11. 0-0 Ba6 12. Ng3 Nc8 13. Nh5 Bf8 14. g5 Nd6 15. Qe1 b4 16. Qg3 Qa5 17. f6 g6 18. Ng7+ Kd7 19. Rd1 Ne8 20. Bh3+ Kc7 21. dxc4 Nxg7 22. fxg7 Bxg7 23. Nxd4 Rad8 24. Be3 Nxd4 25. Rxd4 Rxd4 26. Bxd4 Bxc4 27. b3 Rd8 28. Be3 Bb5 29. Qf2 Be8 30. Bxa7 h6 31. Qc5+ Qxc5+ 32. Bxc5 hxg5 33. Bxb4 Rd4 34. Ba5+ Kb8 35. Re1 Bc6 36. Bg2 g4 37. c4 Kb7 38. Bb4 f6 39. Re2 Bh6 40. Bc5 Rd1+ 41. Bf1 Bf4 1/2-1/2

[Event "RUS-ch Seniors"]
[Site "Zvenigorod"]
[Date "2005.11.29"]
[Round "2"]
[White "Dolgiy, Oleg"]
[Black "Didy, Kaplan"]
[Result "0-1"]
[WhiteElo "2280"]
[BlackElo "2091"]
[PlyCount "106"]
[EventDate "2005.11.28"]
[EventType "swiss"]
[EventRounds "7"]
[EventCountry "RUS"]
[SourceTitle "EXT 2007"]
[Source "ChessBase"]
[SourceDate "2006.11.23"]
[SourceVersion "1"]
[SourceVersionDate "2006.11.23"]
[SourceQuality "1"]

1. d4 Nf6 2. c4 g6 3. Nc3 Bg7 4. e4 d6 5. f3 0-0 6. Be3 Nbd7 7. Qd2 Re8 8. 0-0-0 e5 9. d5 a6 10. Bh6 Bh8 11. g4 b5 12. cxb5 axb5 13. Bxb5 Ba6 14. Bc6 Rb8 15. Be3 Bb7 16. Ba4 Re7 17. Nge2 Rc8 18. Kb1 Nb6 19. Bb3 Ba6 20. h4 Nc4 21. Bxc4 Bxc4 22. h5 c6 23. b3 Rb7 24. Ka1 Bxe2 25. Qxe2 Qa5 26. Qb2 c5 27. Ne2 Rcb8 28. Nc1 c4 29. Bd2 Qa6 30. Kb1 cxb3 31. axb3 Qc4 32. bxc4 Rxb2+ 33. Ka1 Rb1+ 34. Ka2 R1b7 35. Ba5 Nd7 36. Rd3 Nc5 37. Re3 Ra8 38. Ra3 Rab8 39. Rh2 Bf6 40. Rc2 Bg5 41. Nd3 Be3 42. Nxe5 Bd4 43. Nd3 Nxd3 44. Rxd3 Bc5 45. Ra3 Bxa3 46. Kxa3 Ra8 47. Ka4 Rba7 48. Kb5 Rxa5+ 49. Kc6 R8a6+ 50. Kd7 Kg7 51. Ke7 Ra3 52. f4 Rb3 53. c5 Rb7+ 0-1